00625nam a2200181Ia 4500952013000000999001700130003000400147005001700151008004100168040000900209082001800218100003200236245006800268260003600336300000900372650002000381942004200401 00102ddc40708ISLAMaMESbMEScISLd2019-02-20g30.00l0o297.63 HAM/Bp17902r2019-02-20 00:00:00w2019-02-20yBKzGL46R3 c22225d22225OSt20200320155240.0190216s9999||||xx |||||||||||||| ||und|| coclc a297.63bHAM/B aHamidullah, Muhammad 91985 4aThe Battlefields Of The Prophet Muhammad /cMuhammad Hamidullah bHabib & Co,c1983.a Hyderabad: a158p aIslamic History cBK2ddch297.63iHAM/Bk297.63mHAM/B